[Event "41st Blackpool Conference"]
[Site "Blackpool ENG"]
[Date "2017.03.12"]
[Round "4.12"]
[White "Surtees,M"]
[Black "Gayson,P"]
[Result "0-1"]
[WhiteElo "2086"]
[BlackElo "2152"]

1.e4 c5 2.Nh3 d5 3.Bb5+ Nc6 4.Ng5 e6 5.Bxc6+ bxc6 6.d3 Be7 7.Nf3 Ba6 8.Nc3 Nf6
9.e5 Nd7 10.O-O O-O 11.Re1 Rb8 12.Ne2 c4 13.d4 c5 14.c3 cxd4 15.cxd4 Qb6
16.Nc3 Rb7 17.Qe2 Nb8 18.a3 Nc6 19.Rd1 Na5 20.Rb1 Qb3 21.Bd2 Qc2 22.Ne1 Qg6
23.g3 Rfb8 24.b4 cxb3 25.Qxa6 Nc4 26.Bc1 b2 27.Bxb2 Rxb2 28.Rxb2 Rxb2 29.Nd3
Rb3 30.Qc8+ Bf8 31.Nc5 Nb6 32.Qb8 Rxc3 33.Qxa7 Qc2 34.Rf1 Nc4 35.Qa8 Nd2
36.Ra1 Nf3+ 37.Kg2 Nxd4 38.Nd7 Rc8 39.Qa6 Qc6 {#R} 0-1

[Event "41st Blackpool Conference"]
[Site "Blackpool ENG"]
[Date "2017.03.12"]
[Round "5.2"]
[White "Crocker,P"]
[Black "Merry,Alan B"]
[Result "0-1"]
[WhiteElo "2068"]
[BlackElo "2414"]

1.c4 Nf6 2.g3 g6 3.Bg2 Bg7 4.Nc3 O-O 5.e4 c5 6.Nge2 Nc6 7.O-O d6 8.d3 a6 9.h3
Rb8 10.a4 Bd7 11.Be3 Ne8 12.Kh2 Nc7 13.d4 cxd4 14.Nxd4 Ne6 15.Nde2 Na5 16.b3
b5 17.cxb5 axb5 18.b4 Nc4 19.a5 Nxe3 20.fxe3 Nc7 21.Nd4 Na6 22.Rb1 e6 23.Qd3
Qg5 24.Nf3 Qe7 25.Nd4 Rfd8 26.Ndxb5 Bxb5 27.Nxb5 Qg5 28.Nd4 Nxb4 29.Rxb4 Rxb4
30.Nc6 Rb2 31.h4 Qh5 32.Nxd8 Be5 33.Kh3 g5 34.Bf3 g4+ 35.Bxg4 Rh2+ 36.Kxh2
Qxh4+ {#R} 0-1

[Event "41st Blackpool Conference"]
[Site "Blackpool ENG"]
[Date "2017.03.12"]
[Round "5.3"]
[White "Zhou,Qiyu"]
[Black "Fallowfield,J"]
[Result "1-0"]
[WhiteElo "2287"]
[BlackElo "2069"]

1.e4 c5 2.Nf3 d6 3.d4 cxd4 4.Nxd4 Nf6 5.Nc3 a6 6.Be3 e5 7.Nb3 Be6 8.h3 Be7
9.Qf3 Nbd7 10.g4 h6 11.O-O-O b5 12.Qg2 b4 13.Nd5 Bxd5 14.exd5 a5 15.f4 a4
16.Nd2 b3 17.axb3 axb3 18.Nxb3 exf4 19.Bxf4 O-O 20.Bd3 Nc5 21.Nxc5 Ra1+ 22.Kd2
Rxd1+ 23.Rxd1 Qa5+ 24.Ke2 Qxc5 25.Be3 Qb4 26.g5 hxg5 27.Qxg5 {#r} 1-0

[Event "41st Blackpool Conference"]
[Site "Blackpool ENG"]
[Date "2017.03.12"]
[Round "5.6"]
[White "Wolstencroft,D"]
[Black "Tate,A"]
[Result "0-1"]
[WhiteElo "2196"]
[BlackElo "2337"]

1.c4 Nf6 2.g3 c5 3.Bg2 d5 4.cxd5 Nxd5 5.Nf3 Nc6 6.O-O e5 7.Nc3 Nc7 8.d3 Be7
9.Be3 O-O 10.Rc1 Bd7 11.a3 Rc8 12.h4 Kh8 13.Ne1 f5 14.f4 exf4 15.Bxf4 Ne6
16.Nd5 Nxf4 17.gxf4 Bd6 18.e4 Be6 19.Nf3 h6 20.Qe1 fxe4 21.dxe4 Bxf4 22.Nxf4
Rxf4 23.Qe3 Nd4 24.Ne5 Rxf1+ 25.Rxf1 Kh7 26.Qf2 Qc7 27.Nf3 Nxf3+ 28.Qxf3 Qe5
29.Rf2 Rd8 30.h5 b5 31.Bf1 c4 32.Qe3 Qg5+ 33.Qxg5 hxg5 34.Be2 Kh6 {#R} 0-1

[Event "41st Blackpool Conference"]
[Site "Blackpool ENG"]
[Date "2017.03.12"]
[Round "5.7"]
[White "Okhai,Shabir"]
[Black "Peacock,M"]
[Result "1-0"]
[WhiteElo "2105"]
[BlackElo "2046"]

1.e4 e6 2.d4 d5 3.Nd2 Nf6 4.e5 Nfd7 5.Bd3 c5 6.c3 Nc6 7.Ne2 cxd4 8.cxd4 f6
9.exf6 Nxf6 10.Nf3 Bd6 11.O-O O-O 12.Bg5 Bd7 13.Ng3 Qb6 14.b3 Rae8 15.Bb1 Kh8
16.a3 e5 17.dxe5 Nxe5 18.Nxe5 Bxe5 19.Ra2 Bb5 20.Bd3 Bxd3 21.Qxd3 Ne4 22.Be3
Qa5 23.b4 Qa4 24.Nxe4 dxe4 25.Qd5 a5 26.Qxa5 Qxa5 27.bxa5 Ra8 28.Bb6 Bc3
29.Bc5 Rfc8 30.Bb4 Kg8 31.Re2 Bxb4 32.axb4 Rc4 33.Rb1 Rd8 34.h3 Rdd4 35.b5 Ra4
36.a6 bxa6 37.b6 Rab4 38.Ree1 Rxb1 39.Rxb1 Rd8 40.Ra1 Ra8 41.Kf1 Kf7 42.Ke2 a5
43.Ke3 Rb8 44.Rb1 a4 45.Kd4 Ke6 46.Kc5 a3 47.Kb5 Kd7 48.Ra1 Rf8 49.Rxa3 Rxf2
50.Ra7+ Kd6 51.Rxg7 e3 52.Rg3 Rb2+ 53.Kc4 e2 54.Re3 Kc6 55.Kd3 e1=Q 56.Rxe1
Rxg2 57.Re6+ Kb7 58.Rh6 Rb2 59.h4 Rb4 60.h5 Rh4 61.Ke3 Rb4 62.Kf3 Rc4 63.Kg3
Rb4 64.Rxh7+ Kxb6 65.Rf7 Kc6 66.h6 Kd6 67.h7 Rb8 68.Kg4 Ke6 69.Rg7 Rb4+ 70.Kg5
Rb5+ 71.Kg6 Rb1 72.h8=Q Rg1+ 73.Kh7 Kd5 {#r} 1-0

[Event "41st Blackpool Conference"]
[Site "Blackpool ENG"]
[Date "2017.03.12"]
[Round "5.8"]
[White "Allen,K"]
[Black "Wells,Jonathan C"]
[Result "0-1"]
[WhiteElo "2231"]
[BlackElo "2018"]

1.d4 Nf6 2.c4 g6 3.Nc3 d5 4.Nf3 Bg7 5.Qb3 dxc4 6.Qxc4 O-O 7.e4 Nc6 8.Be2 Bg4
9.Be3 Nd7 10.Rd1 Nb6 11.Qb3 Qd6 12.d5 Ne5 13.Nxe5 Bxe2 14.Nxf7 Bxd1 {#R} 0-1

[Event "41st Blackpool Conference"]
[Site "Blackpool ENG"]
[Date "2017.03.12"]
[Round "5.9"]
[White "Hebden,M"]
[Black "Milson,Samuel A"]
[Result "1-0"]
[WhiteElo "2490"]
[BlackElo "2106"]

1.e4 e5 2.Nf3 Nc6 3.d4 exd4 4.Bb5 Bb4+ 5.Nbd2 a6 6.Bc4 Nf6 7.O-O O-O 8.h3 d6
9.Nb3 Ne5 10.Bd3 Re8 11.Nbxd4 c5 12.Nxe5 dxe5 13.Nf3 b5 14.c3 Ba5 15.Qe2 h6
16.Rd1 Qc7 17.Nh4 Be6 18.Qf3 Qe7 19.Nf5 Bxf5 20.Qxf5 c4 21.Bc2 Bb6 22.a4 Rad8
23.Rf1 Qe6 24.Qf3 Rd6 25.axb5 axb5 26.Kh1 Red8 27.Ra6 Nd7 28.Be3 Nb8 29.Ra8
Qc8 30.b4 Bxe3 31.Qxe3 Rd2 32.Rc1 Qb7 33.Ra7 Qc6 34.Qf3 Nd7 35.Qe3 Nf6 36.Kg1
Qd6 37.Raa1 Qc6 38.Kf1 Nh5 39.g3 Qe6 40.Kg2 Qg6 41.Rd1 Qg5 42.Qxg5 hxg5
43.Rxd2 Rxd2 44.Ra2 Nf6 45.Kf3 Rd7 46.Ra8+ Kh7 47.Ke3 Rb7 48.f4 gxf4+ 49.gxf4
exf4+ 50.Kxf4 Nh5+ 51.Ke3 Re7 52.Rd8 Re5 53.Rd5 f6 54.Kd4 Nf4 55.Rxe5 fxe5+
56.Kxe5 Ne2 57.Kd6 Kg8 58.e5 {#r} 1-0

[Event "72nd ch-AZE 2017"]
[Site "Baku AZE"]
[Date "2017.03.12"]
[Round "6.2"]
[White "Iskandarov,M"]
[Black "Idrisov,T"]
[Result "1-0"]
[WhiteElo "2426"]
[BlackElo "2315"]

1.c4 Nf6 2.Nc3 c5 3.Nf3 d6 4.d4 cxd4 5.Nxd4 a6 6.g3 e6 7.Bg2 Be7 8.O-O O-O
9.b3 Nbd7 10.a4 Qc7 11.Ba3 g6 12.Rc1 Nc5 13.b4 Ncd7 14.a5 Rb8 15.Na4 e5 16.Nb3
b6 17.Nc3 Bb7 18.e4 Ba8 19.Nd5 Nxd5 20.exd5 bxa5 21.Nxa5 Rbc8 22.Qd2 Rfe8
23.Rfd1 Bf8 24.c5 dxc5 25.d6 Qxd6 26.Qxd6 Bxd6 27.Rxd6 cxb4 28.Rxc8 Rxc8
29.Bxb4 Rc1+ 30.Bf1 Bf3 31.Nb3 Rc7 32.Nd2 Bg4 33.Bxa6 Kg7 34.f3 Be6 35.Rd3 Bf5
36.Re3 f6 37.Rc3 Ra7 38.Bd3 Be6 39.Bc4 Bxc4 40.Rxc4 Nb6 41.Rc5 Rd7 42.Rc6 Nd5
43.Rd6 Rxd6 44.Bxd6 Kf7 45.Kf2 Ke6 46.Ba3 h5 47.Ne4 Nb6 48.Bb2 Nc4 49.Bc3 Nb6
50.Ba5 Nc4 51.Bd8 f5 52.Ng5+ Kd5 53.Nf7 e4 54.Nh8 Kd4 55.Nxg6 Kd3 56.Nf4+ Kd2
57.fxe4 fxe4 58.Ng2 Ne5 59.Bg5+ {#r} 1-0

[Event "72nd ch-AZE 2017"]
[Site "Baku AZE"]
[Date "2017.03.12"]
[Round "6.3"]
[White "Sevdimaliev,U"]
[Black "Abasov,N"]
[Result "0-1"]
[WhiteElo "2376"]
[BlackElo "2583"]

1.d4 Nf6 2.Nf3 e6 3.Bg5 h6 4.Bh4 Nc6 5.e3 g5 6.Bg3 Qe7 7.Nbd2 d6 8.Bb5 Bd7
9.c3 Nh5 10.Qe2 g4 11.Ng1 Nxg3 12.hxg3 h5 13.O-O-O O-O-O 14.e4 Kb8 15.f4 gxf3
16.Ngxf3 a6 17.Bd3 Qf6 18.Rdf1 Qg7 19.Qf2 Be7 20.d5 Ne5 21.Nxe5 Qxe5 22.Nf3
Qg7 23.Nd4 Rdf8 24.Kb1 Rh6 25.Qe2 Bf6 26.Rxh5 Rxh5 27.Qxh5 Bxd4 28.cxd4 Qxd4
29.Bc2 Bb5 30.Rd1 Qg7 31.Qf3 exd5 32.exd5 Re8 33.Bd3 Bxd3+ 34.Qxd3 Re5 35.Rc1
Qg6 36.Qxg6 fxg6 37.Rd1 Re3 38.g4 Rg3 39.Rd2 Ka7 40.Kc2 Kb6 41.Rf2 Kc5 42.Rf7
Rxg2+ 43.Kc3 Rg3+ 44.Kc2 Kxd5 45.Rxc7 b6 46.b4 Rxg4 47.Kb3 Rg3+ {#R} 0-1

[Event "72nd ch-AZE 2017"]
[Site "Baku AZE"]
[Date "2017.03.12"]
[Round "6.5"]
[White "Mustafin,Andrey"]
[Black "Ahmadzada,Ahmad"]
[Result "0-1"]
[WhiteElo "2270"]
[BlackElo "2343"]

1.e4 e6 2.d4 d5 3.Nc3 Bb4 4.e5 c5 5.a3 Bxc3+ 6.bxc3 Qa5 7.Bd2 Qa4 8.Qg4 Kf8
9.Ra2 Nc6 10.Nf3 Nge7 11.Bd3 b6 12.Qf4 h6 13.O-O cxd4 14.cxd4 Ba6 15.Bxa6 Qxa6
16.Qe3 Qc4 17.Rb2 Nf5 18.Qc3 Nfxd4 19.Nxd4 Nxd4 20.Qxc4 dxc4 21.Rb4 Rc8 22.Ra4
Nc6 23.Rxc4 Ke7 24.f4 Rhd8 25.Bc3 Rd5 26.Bb4+ Ke8 27.Rf3 b5 28.Rcc3 Kd7 29.Bc5
Rxc5 30.Rxc5 Nd4 31.Rxc8 Nxf3+ 32.Kf2 Kxc8 33.Kxf3 Kc7 34.Ke4 Kc6 35.Kd4 a5
36.g4 g5 37.h3 Kb6 38.f5 Kc6 39.f6 Kb6 40.a4 bxa4 41.Kc4 Kc6 42.Kd4 Kb5 43.Kc3
Kc5 44.Kb2 Kb4 {#R} 0-1

[Event "74th ch-GEO w 2017"]
[Site "Tbilisi GEO"]
[Date "2017.03.12"]
[Round "2.1"]
[White "Kuchava,A"]
[Black "Mikadze,M"]
[Result "1-0"]
[WhiteElo "2134"]
[BlackElo "2280"]

1.d4 Nf6 2.Nf3 d5 3.c4 c6 4.Qb3 dxc4 5.Qxc4 Bf5 6.g3 e6 7.Bg2 Be7 8.Nc3 Nbd7
9.Qb3 Qb6 10.Qxb6 axb6 11.Bf4 b5 12.Nd2 O-O 13.O-O Ra7 14.a3 h6 15.e4 Bg6
16.h3 Rd8 17.Be3 Ra6 18.f4 Nb6 19.g4 Ne8 20.f5 exf5 21.exf5 Bh7 22.d5 Nxd5
23.Bxd5 cxd5 24.Nxb5 g6 25.Nd4 gxf5 26.Nxf5 Bxf5 27.Rxf5 Bf6 28.Rb1 Re6 29.Nf1
Bg7 30.b3 d4 31.Bd2 Re2 32.Rb5 d3 33.Rd1 Bd4+ 34.Kh1 Nf6 35.Ng3 Bf2 36.Ba5
Bxg3 37.Bxd8 Ne4 38.Rxd3 Nf2+ 39.Kg2 Nxd3+ 40.Kxg3 Re3+ 41.Kg2 Nf4+ 42.Kf2 Rd3
43.Bc7 Nd5 44.Ba5 b6 45.Bxb6 Nc3 46.Re5 f6 47.Re3 Nd1+ 48.Ke2 Rd6 49.Rd3 Rxb6
50.Kxd1 Kf7 51.Re3 Kg6 52.a4 Kg5 53.a5 Ra6 54.b4 h5 55.gxh5 f5 56.Ra3 f4 57.b5
Rd6+ 58.Ke2 Kf5 59.a6 f3+ 60.Rxf3+ Ke4 61.a7 Rd8 62.b6 Ra8 63.Ra3 Kd5 {#r} 1-0

[Event "74th ch-GEO w 2017"]
[Site "Tbilisi GEO"]
[Date "2017.03.12"]
[Round "2.2"]
[White "Gvetadze,Sopi"]
[Black "Arabidze,M"]
[Result "0-1"]
[WhiteElo "2285"]
[BlackElo "2383"]

1.Nf3 Nf6 2.g3 d5 3.c4 e6 4.Bg2 dxc4 5.Qa4+ Nbd7 6.Qxc4 c5 7.O-O b6 8.d4 Bb7
9.Nc3 a6 10.dxc5 Bxc5 11.Bf4 O-O 12.Rad1 b5 13.Qd3 Qb6 14.h3 Rfd8 15.Qb1 Rac8
16.g4 Nf8 17.Bg3 Ng6 18.Rxd8+ Qxd8 19.Rd1 Qe8 20.Ne1 Bxg2 21.Nxg2 Qc6 22.Qd3
b4 23.Nb1 Ne4 24.Qf3 Nxg3 25.Qxg3 e5 26.a3 a5 27.axb4 axb4 28.h4 Bd4 29.h5 Qc2
30.Re1 Nf8 31.b3 Bc3 32.Ne3 Qxb3 33.Nf5 Rc7 34.h6 g6 35.Rf1 f6 36.Nd6 Qd5
37.Ne8 Rc6 38.Nxc3 bxc3 39.Qxc3 Qe6 40.Qb4 Qxe8 41.Rd1 Rc7 42.Rd6 Rf7 43.Qc4
Qe7 44.Qd5 f5 45.gxf5 Qg5+ 46.Kf1 Qxf5 47.f3 e4 48.Qd4 exf3 49.Rd8 Qh3+ 50.Ke1
f2+ 51.Kd2 Qxh6+ {#R} 0-1

[Event "74th ch-GEO w 2017"]
[Site "Tbilisi GEO"]
[Date "2017.03.12"]
[Round "2.3"]
[White "Khukhashvili,S"]
[Black "Khomeriki,N"]
[Result "0-1"]
[WhiteElo "2368"]
[BlackElo "2317"]

1.d4 Nf6 2.Nf3 d5 3.e3 c5 4.c3 e6 5.Nbd2 Nc6 6.Ne5 Bd6 7.f4 O-O 8.Bd3 Ne7
9.O-O b6 10.Rf3 Bb7 11.Rh3 Ne4 12.Qh5 h6 13.Ng4 Nf5 14.Nf2 cxd4 15.cxd4 Nxf2
16.Kxf2 Be7 17.Nf3 Bf6 18.Bd2 a5 19.Rg1 g6 20.Qg4 Ba6 21.Bb1 Qe8 22.Ne5 Bg7
23.Bc3 Nd6 24.Qf3 Bb7 25.Qg3 Qe7 26.Ng4 h5 27.Ne5 b5 28.a3 b4 29.Nxg6 fxg6
30.Qxg6 Rf6 31.Qh7+ Kf8 32.axb4 Rh6 33.Qd3 Ne4+ 34.Kf3 axb4 35.Be1 Ba6 36.Qb3
Rb8 37.Qa4 Bc8 38.Bxe4 dxe4+ 39.Kxe4 e5 40.fxe5 Bxh3 41.gxh3 Kg8 42.h4 Kh8
43.Bg3 Rg6 44.Rc1 Bh6 45.Kd3 Rg4 46.Qc6 Qh7+ 47.Ke2 Rf8 48.Rd1 Rg6 49.Qe4 Qf7
50.d5 Rg4 51.Qg2 Qa7 52.Rd3 Qa2 53.e6 Qxb2+ 54.Rd2 Qc3 55.Rd3 Qc2+ 56.Rd2 Qc4+
57.Rd3 Ra8 58.Qf3 Ra2+ 59.Ke1 Qxd3 60.Be5+ Kh7 61.Qf7+ Rg7 {#R} 0-1

[Event "74th ch-GEO w 2017"]
[Site "Tbilisi GEO"]
[Date "2017.03.12"]
[Round "2.5"]
[White "Melia,S"]
[Black "Khotenashvili,B"]
[Result "0-1"]
[WhiteElo "2394"]
[BlackElo "2434"]

1.e4 e5 2.Nf3 Nc6 3.Bc4 Nf6 4.d3 Be7 5.O-O O-O 6.Re1 d6 7.c3 Na5 8.Bb5 a6
9.Ba4 b5 10.Bc2 c5 11.Nbd2 Nc6 12.Nf1 Re8 13.Ng3 Bf8 14.h3 h6 15.d4 cxd4
16.cxd4 Qc7 17.Be3 Nb4 18.Bb1 a5 19.a3 Nc6 20.Bd3 Qb7 21.d5 Ne7 22.Nd2 Bd7
23.b4 axb4 24.axb4 Ra4 25.Qb3 Rea8 26.Rac1 Nc8 27.Ne2 Be7 28.Nc3 R4a6 29.Qd1
Bd8 30.Qe2 Ra3 31.Qd1 Ne8 32.Nb3 Ne7 33.Rb1 Rc8 34.Qd2 f5 35.exf5 Nf6 36.Qb2
Raa8 37.Ra1 Rxa1 38.Rxa1 Bb6 39.Na5 Qb8 40.Bxb6 Qxb6 41.Ne4 Nexd5 42.Nxf6+
Nxf6 43.Rd1 e4 44.Be2 Bxf5 45.Qd4 Qxd4 46.Rxd4 Rc1+ 47.Kh2 Bd7 48.Bd1 d5
49.Bb3 Be6 50.Nb7 Rb1 51.Nc5 Kf7 52.Rd2 Ra1 53.Bd1 Ke7 54.Nb3 Rb1 55.Nd4 Bd7
56.Bb3 Kd6 57.f3 Ke5 58.fxe4 dxe4 59.Kg3 Nh5+ 60.Kf2 Nf4 61.Bd1 Nd3+ 62.Ke3
Nxb4 63.Ne2 Bc6 64.Nf4 Nd5+ 65.Nxd5 Bxd5 66.Kf2 b4 67.Ke3 b3 68.Be2 Re1 69.Kf2
Rc1 70.Bd1 b2 71.Rxb2 Rxd1 {#R} 0-1

[Event "ISEM URLA GM 2017"]
[Site "Izmir TUR"]
[Date "2017.03.12"]
[Round "9.2"]
[White "Nevednichy,V"]
[Black "Dedebas,Emre Emin"]
[Result "1-0"]
[WhiteElo "2547"]
[BlackElo "2342"]

1.e4 e5 2.Bc4 Nf6 3.d3 Nc6 4.Nf3 Bc5 5.O-O d6 6.c3 a6 7.a4 Ba7 8.h3 h6 9.Re1
O-O 10.Nbd2 Re8 11.a5 Be6 12.b4 d5 13.exd5 Nxd5 14.Ne4 Nf6 15.Qe2 Nxe4 16.dxe4
Bxc4 17.Qxc4 Qd6 18.Ra2 Qe6 19.Qxe6 Rxe6 20.Rd2 Rd8 21.Red1 Rxd2 22.Rxd2 Rd6
23.Kf1 Rxd2 24.Bxd2 f6 25.Ke2 Kf7 26.g4 Ke6 27.Nh4 Ne7 28.c4 Nc6 29.Nf5 Nd4+
30.Kd3 Kf7 31.f4 Nxf5 32.exf5 exf4 33.Bxf4 c6 34.c5 Kg8 35.Ke4 Kf7 36.Bd6 Kg8
37.Kf4 Kf7 38.Kg3 Kg8 39.Kh4 Kh8 40.Kh5 Kh7 41.Bc7 Kh8 42.Kg6 Kg8 43.Bd6 {#r}
1-0

[Event "ISEM URLA GM 2017"]
[Site "Izmir TUR"]
[Date "2017.03.12"]
[Round "9.5"]
[White "Bagaturov,G"]
[Black "Arat,Uf"]
[Result "0-1"]
[WhiteElo "2428"]
[BlackElo "2382"]

1.d4 Nf6 2.c4 e6 3.Nf3 Bb4+ 4.Nbd2 Ne4 5.g3 b6 6.Bg2 Bb7 7.O-O Nxd2 8.Bxd2
Bxd2 9.Qxd2 d6 10.Qc2 Nd7 11.Rad1 Qe7 12.Rfe1 a5 13.e4 e5 14.dxe5 dxe5 15.Qa4
c6 16.Qb3 Nc5 17.Qc3 f6 18.Nh4 g6 19.a3 a4 20.Qb4 Qc7 21.Bh3 O-O 22.Rd2 Rad8
23.Red1 Rxd2 24.Qxd2 Ba6 25.Qd6 Qxd6 26.Rxd6 Bb7 27.f3 Kf7 28.Kf2 Ke7 29.Rd1
Ba6 30.Bf1 Bc8 31.Ng2 Be6 32.Ne3 f5 33.exf5 gxf5 34.Nc2 f4 35.Nb4 Bd7 36.Nd3
fxg3+ 37.hxg3 Nxd3+ 38.Bxd3 Bg4 39.Be4 Bxf3 40.Bxf3 e4 41.Re1 Rxf3+ 42.Kg2 Rb3
43.Rxe4+ Kd6 44.Re2 Kc5 45.Rc2 Kd4 46.Kh3 Kd3 47.Rf2 Kxc4 48.Kh4 c5 49.Rg2 Rd3
50.Kh5 Rd6 51.g4 Kb3 52.g5 c4 53.Kg4 b5 54.Rh2 Rd7 55.Kf5 c3 56.bxc3 Kxa3
57.Rh4 Kb3 58.Rb4+ Kxc3 59.Rxb5 Ra7 60.Rc5+ Kb4 61.Ke4 {#R} 0-1

[Event "ISEM URLA GM 2017"]
[Site "Izmir TUR"]
[Date "2017.03.12"]
[Round "10.4"]
[White "Arat,Uf"]
[Black "Petrov,Marij"]
[Result "1-0"]
[WhiteElo "2382"]
[BlackElo "2480"]

1.d4 c5 2.d5 g6 3.e4 d6 4.c4 Bg7 5.Nc3 e6 6.Nge2 exd5 7.cxd5 a6 8.a4 Ne7 9.h4
h5 10.Bg5 Nd7 11.Ng3 O-O 12.Qd2 Ne5 13.Be2 Kh7 14.O-O f6 15.Be3 f5 16.Bg5 f4
17.Bxf4 Rxf4 18.Qxf4 Bh6 19.Qf6 Bg7 20.Qf4 Bh6 21.Qf6 Qc7 22.f4 Ng8 23.fxe5
Nxf6 24.exf6 c4 25.Kh2 Qb6 26.a5 Qd4 27.Na4 Bg4 28.Bxg4 hxg4 29.e5 Bf4 30.e6
Qxf6 31.Rxf4 Qxf4 32.Nb6 Rh8 33.Rf1 Qd4 34.Nd7 Kh6 35.e7 Qg7 36.Rf6 Kh7
37.Nf8+ {#r} 1-0

[Event "ISEM CESMEALTI GM 2017"]
[Site "Izmir TUR"]
[Date "2017.03.12"]
[Round "9.1"]
[White "Mirzoev,A"]
[Black "Yurtseven,M"]
[Result "1-0"]
[WhiteElo "2554"]
[BlackElo "2316"]

1.d4 Nf6 2.Nc3 d5 3.Bg5 e6 4.e4 dxe4 5.Nxe4 Be7 6.Bxf6 gxf6 7.Nf3 f5 8.Nc3 a6
9.g3 b5 10.Bg2 Bb7 11.Qe2 Qd6 12.O-O-O b4 13.Nb1 Nd7 14.Nbd2 Nb6 15.Nb3 a5
16.Kb1 Bd5 17.Rhg1 Nd7 18.Nc1 a4 19.Nd3 b3 20.cxb3 axb3 21.a3 Ra4 22.Nd2 Bxg2
23.Rxg2 Qxd4 24.Nxb3 Qb6 25.Qc2 Nf6 26.Nd2 Ra7 27.Qb3 Qxb3 28.Nxb3 Bd6 29.Rc1
O-O 30.Nd4 Rb7 31.Ka2 Ra8 32.Rgg1 Nd5 33.Rc4 c5 34.Nxc5 Nb4+ 35.Ka1 Bxc5
36.Rxc5 Nd3 37.Rc2 Ra4 38.Ne2 Kg7 39.Nc1 Ne5 40.Rd1 Nf3 41.h4 e5 42.Ka2 Nd4
43.Rc3 Ra8 44.Rd2 f6 45.Nb3 Nb5 46.Rcd3 Kg6 47.Rd8 Raa7 48.Rc2 Rb6 49.Rd5 Nxa3
50.bxa3 Rba6 51.Kb2 Rxa3 52.Nc1 R3a4 53.Nd3 f4 54.gxf4 exf4 55.Kc1 f3 56.h5+
Kg7 57.Rf5 Rh4 58.Kd2 Re7 59.Rc6 Rd4 60.Rxf3 Red7 61.Rg3+ Kh6 62.Rxf6+ Kxh5
63.Ke2 Re7+ 64.Kf1 Ree4 65.Rf5+ Kh6 66.Rf6+ Kh5 67.Kg2 h6 68.Rf5+ Kh4 69.Ne5
{#r} 1-0

[Event "ISEM CESMEALTI GM 2017"]
[Site "Izmir TUR"]
[Date "2017.03.12"]
[Round "9.2"]
[White "Benidze,D"]
[Black "Gokerkan,Cem Kaan"]
[Result "1-0"]
[WhiteElo "2515"]
[BlackElo "2275"]

1.d4 Nf6 2.c4 e6 3.Nf3 b6 4.g3 Bb4+ 5.Nbd2 Bb7 6.Bg2 O-O 7.O-O d5 8.b3 dxc4
9.Nxc4 c5 10.Bb2 cxd4 11.Nxd4 Bxg2 12.Kxg2 Bc5 13.Rc1 Qd5+ 14.Nf3 Nc6 15.Qc2
Nb4 16.Qb1 Qe4 17.Qxe4 Nxe4 18.a3 Nd5 19.b4 Be7 20.Nfe5 Rfc8 21.b5 Bf6 22.Rfd1
Kf8 23.a4 Bxe5 24.Nxe5 Rxc1 25.Rxc1 Ke8 26.Nd3 f6 27.Ba3 Kd7 28.f3 Nd6 29.Bxd6
Kxd6 30.e4 Nc7 31.Nf4 Kd7 32.e5 a6 33.bxa6 Rxa6 34.exf6 gxf6 35.Rc4 Kd6 36.Ne2
b5 37.Rd4+ Kc6 38.axb5+ Nxb5 39.Rd2 e5 40.g4 Ra7 41.h4 Rd7 42.Rc2+ Kd5 43.Rb2
Nd6 44.Ng3 Rb7 45.Ra2 Ke6 46.Ra6 Ke7 47.Ra3 Rc7 48.Kh3 Rb7 49.g5 fxg5 50.hxg5
Kf8 51.Ra8+ Kg7 52.Ra6 Ne8 53.Re6 Kf7 54.Rxe5 Rb6 55.Nf5 Ng7 56.Re7+ {#r} 1-0

[Event "German Cup Intermediate"]
[Site "Germany GER"]
[Date "2017.03.12"]
[Round "2.1"]
[White "Boguslavskyy,O"]
[Black "Ponkratov,P"]
[Result "1-0"]
[WhiteElo "2435"]
[BlackElo "2595"]

1.e4 e6 2.d4 d5 3.Nd2 Nc6 4.Ngf3 Nf6 5.e5 Nd7 6.c3 f6 7.Bb5 fxe5 8.dxe5 Be7
9.O-O O-O 10.Re1 Qe8 11.Nf1 Nc5 12.Ng3 a5 13.Rb1 Bd7 14.Bf1 Nd8 15.Qc2 Bb5
16.c4 dxc4 17.Bxc4 Bxc4 18.Qxc4 b5 19.Qg4 Nd3 20.Rd1 Nxc1 21.Rbxc1 c5 22.Ne4
Qc6 23.Nd6 Qb6 24.h4 a4 25.h5 c4 26.a3 Rb8 27.Rc2 Kh8 28.Rcd2 Qa6 29.h6 gxh6
30.Qh5 Rg8 31.Ne4 Nc6 32.Nf6 Rg6 33.Nh4 Rg7 34.Rd8+ Bf8 35.Rxb8 Nxb8 36.Rd8
{#r} 1-0

[Event "German Cup Intermediate"]
[Site "Germany GER"]
[Date "2017.03.12"]
[Round "2.2"]
[White "Heinemann,T"]
[Black "Ostrovskiy,And"]
[Result "1-0"]
[WhiteElo "2461"]
[BlackElo "2442"]

1.e4 e5 2.Nf3 Nc6 3.Bb5 a6 4.Bxc6 dxc6 5.O-O Qf6 6.d4 exd4 7.Bg5 Qd6 8.Nxd4
Bd7 9.Nc3 Ne7 10.Be3 O-O-O 11.Qe2 Qg6 12.Nb3 f5 13.f3 fxe4 14.fxe4 Qg4 15.Qf2
Ng6 16.Nc5 Bd6 17.Nxd7 Rxd7 18.Rae1 Re8 19.g3 Ne5 20.Qf5 g6 21.Qxg4 Nxg4
22.Bc1 Bb4 23.Kg2 Bxc3 24.bxc3 Ne5 25.h3 b5 26.g4 Nc4 27.Re2 Rde7 28.Rfe1 Re6
29.Bf4 Nb6 30.Re3 Rf8 31.Bh6 Rf7 32.Rf1 Rxf1 33.Kxf1 Nc4 34.Re2 Kd7 35.Kf2 Re7
36.Bg5 Rf7+ 37.Kg2 Ke6 38.Bh4 Rd7 39.Kf3 a5 40.Bf2 Rd1 41.Re1 Rd2 42.Re2 Rxe2
43.Kxe2 Ke5 44.Bg3+ Kxe4 45.Bxc7 a4 46.g5 Ne3 47.Kd2 Nd5 48.Bd6 Ne3 49.Bc5 Nd5
50.h4 Nf4 51.c4 bxc4 52.Kc3 Kd5 53.Kb4 Ne6 54.Bf2 Nd4 55.Bxd4 Kxd4 56.a3 c5+
57.Kxa4 Ke3 58.Kb5 c3 59.a4 Kd2 60.a5 Kxc2 61.a6 Kd3 62.a7 c2 63.a8=Q c1=Q
64.Qd8+ Kc3 65.Qh8+ Kb3 66.Qxh7 Qc4+ 67.Kc6 Kb4 68.Qb7+ Kc3 69.Qg7+ Kb4
70.Qb2+ Ka4 71.Qa1+ Kb4 72.Qe1+ Ka4 73.Qb1 Qxh4 74.Qb5+ Ka3 75.Qxc5+ Kb3
76.Kd6 Qh7 77.Ke6 Qg7 78.Qe7 Qd4 79.Kf7 Qd3 80.Qe6+ Ka3 81.Kg7 Qc2 82.Qa6+ Kb4
83.Qd6+ Ka4 84.Qxg6 Qc7+ 85.Qf7 Qe5+ 86.Qf6 Qc7+ 87.Kf8 Qc8+ 88.Kf7 Qc4+
89.Qe6 Qf4+ 90.Kg6 Ka3 91.Qe7+ Ka4 92.Qd7+ Ka3 93.Qd5 Qc7 94.Qf3+ Kb2 95.Kh6
Qc1 96.Qf6+ Kb1 97.Qf5+ Ka2 98.Kg7 Ka3 99.Qe5 Qc6 100.g6 Qb7+ 101.Kf6 Qc6+
102.Kf7 Qf3+ 103.Qf6 Qd5+ 104.Qe6 Qf3+ 105.Ke8 Qa8+ 106.Ke7 Qb7+ 107.Qd7 Qe4+
108.Kf7 Qc4+ 109.Kf8 Qf4+ 110.Qf7 Qb8+ 111.Qe8 Qf4+ 112.Kg8 Qc4+ 113.Qf7 Qd4
114.g7 Kb2 115.Qe7 Qd5+ 116.Kf8 Qf5+ 117.Ke8 Qc8+ 118.Kf7 Qc4+ 119.Qe6 Qc7+
120.Kf6 Qf4+ 121.Qf5 Qd6+ 122.Kf7 Qc7+ 123.Kg6 Qg3+ 124.Qg5 Qd3+ 125.Kf7 Qc4+
126.Kg6 Qd3+ 127.Qf5 Qg3+ 128.Kf6 Qd6+ 129.Qe6 Qf4+ 130.Kg6 Qg3+ 131.Kf7 Qc7+
132.Kf8 Qb8+ 133.Qe8 Qf4+ 134.Kg8 Qc4+ 135.Qf7 Qc8+ 136.Kh7 Qh3+ 137.Kg6 Qg4+
138.Kh6 Qh4+ 139.Qh5 Qf6+ 140.Kh7 Qe7 141.Qh2+ Ka1 142.Qg1+ Kb2 143.Qd4+ Ka3
144.Kh8 Qe6 145.Qc3+ Ka4 146.Qc2+ Ka3 147.Qc5+ Ka4 148.g8=Q Qf6+ 149.Qg7 Qh4+
150.Kg8 Qd8+ 151.Kf7 Qd7+ 152.Kf6 Qd8+ 153.Ke6 Qe8+ 154.Kd6 Qb8+ 155.Qcc7 Qb4+
156.Kd7 {#r} 1-0

[Event "German Cup Intermediate"]
[Site "Germany GER"]
[Date "2017.03.12"]
[Round "2.2"]
[White "Powierski,E"]
[Black "Bente,B"]
[Result "1-0"]
[WhiteElo "2317"]
[BlackElo "2288"]

1.e4 g6 2.d4 Bg7 3.Nc3 c6 4.Nf3 d6 5.Be3 Nf6 6.h3 O-O 7.Bd3 Nbd7 8.O-O e5 9.a4
Re8 10.dxe5 Nxe5 11.Nxe5 dxe5 12.Bc4 Qe7 13.Qe2 Be6 14.Bxe6 Qxe6 15.Rfd1 Bf8
16.Rd3 Bb4 17.f3 Qe7 18.Qf2 a5 19.Na2 Bd6 20.Rad1 Rad8 21.Nc1 Bc7 22.Bb6 Rxd3
23.Rxd3 Rd8 24.Nb3 Rxd3 25.cxd3 Qd8 26.Bxc7 Qxc7 27.d4 Nd7 28.dxe5 Nxe5 29.Kh1
Qd8 30.Qd2 Qxd2 31.Nxd2 b5 32.b3 Nd3 33.Kg1 Nc5 34.Kf2 Kf8 35.Ke3 bxa4 36.bxa4
Nxa4 37.Nb3 Ke7 38.Nxa5 Kd6 39.Nc4+ Ke6 40.Kd4 f6 41.f4 Kd7 42.g4 c5+ 43.Kd3
Kc6 44.f5 gxf5 45.gxf5 {#r} 1-0

[Event "German Cup Intermediate"]
[Site "Germany GER"]
[Date "2017.03.12"]
[Round "2.2"]
[White "Schumacher,N"]
[Black "Krause,Benedict"]
[Result "0-1"]
[WhiteElo "2173"]
[BlackElo "2407"]

1.Nf3 Nf6 2.c4 g6 3.b3 Bg7 4.Bb2 O-O 5.g3 d6 6.Bg2 e5 7.d3 c5 8.O-O Nc6 9.Nbd2
h6 10.a3 Re8 11.e3 Bf5 12.e4 Be6 13.h3 a6 14.Bc3 b5 15.Re1 Nd7 16.Nf1 Nd4
17.Ne3 Nb8 18.Nd5 Nbc6 19.Nxd4 Nxd4 20.b4 Rb8 21.Kh2 Qd7 22.Rb1 Rec8 23.bxc5
dxc5 24.Ba5 Qd6 25.Rf1 Kh7 26.Kh1 Rb7 27.f4 Bxd5 28.exd5 exf4 29.gxf4 Re8
30.Bd2 Rbe7 31.Qg4 Re2 32.Rbe1 R8e7 33.Rxe2 Rxe2 34.Rd1 h5 35.Qg3 Bh6 36.Bc1
Rc2 37.Bf1 Rxc1 38.Rxc1 Bxf4 39.Qe1 Bxc1 40.Qxc1 Qg3 41.Qd2 bxc4 42.dxc4 Qxa3
43.Bg2 Qg3 {#R} 0-1

[Event "TCh-FIN 2016-17"]
[Site "Finland FIN"]
[Date "2017.03.12"]
[Round "11.4"]
[White "Virtanen,A"]
[Black "Nevanlinna,R"]
[Result "1-0"]
[WhiteElo "2247"]
[BlackElo "2263"]

1.d4 Nf6 2.c4 e6 3.Nc3 Bb4 4.Qc2 b6 5.e4 c5 6.a3 Bxc3+ 7.bxc3 d6 8.Bd3 Nc6
9.Ne2 e5 10.O-O h6 11.f4 O-O 12.d5 Na5 13.fxe5 dxe5 14.Ng3 Ne8 15.Be3 Nd6
16.Qe2 Qh4 17.Rf2 Bd7 18.a4 Rae8 19.Qa2 Bc8 20.Raf1 Kh7 21.Bc1 Qd8 22.Qe2 f6
23.Qh5 Qe7 24.Qe2 Qd7 25.h3 Ba6 26.Bxh6 gxh6 27.Rxf6 Rxf6 28.Rxf6 Qe7 29.Qf3
Rg8 30.Re6 Qf7 31.Rf6 Qe7 32.Re6 Qf7 33.Nf5 Nxf5 34.exf5 Kg7 35.f6+ Kf8 36.Re7
Qxe7 37.fxe7+ Kxe7 38.d6+ {#r} 1-0